Top 20 Destroy Lonely Song - Statistics

General Stats
  • This quiz has been taken 12 times
  • The average score is 4 of 20
Answer Stats
# Album Score Song % Correct
2 Nostylist 88 Nostylist
100%
11 Nostylist 81 JETLGGD
40%
14 </3³ 80 Jumanji
40%
9 Nostylist 81 VTMNTSCOAT
40%
15 LORD 79 Devil Wears Prada
20%
12 </3 80 F.U.N
20%
7 Underworld 83 Margiela man
20%
4 See u soon </3 84 SDP
20%
1 XO 89 Tokyoto
20%
6 Nostylist 83 Veteran
20%
5 XO 84 Do the most
10%
16 XO 78 I got em
10%
13 Forever, ILY. 80 mud
10%
17 See you soon </3 78 NYLON
10%
3 XO 85 Okay Ya
10%
19 XO 77 Ok / what i do
10%
10 </3³ 81 party n get high
10%
8 See u soon </3 81 Super Serum
10%
18 Forever, ILY. 78 Usual
10%
20 </3³ 77 Miley Cyrus
0%
No matching quizzes found
Score Distribution
Percent of People with Each Score
Percentile by Number Answered
Your Score History
You have not taken this quiz